Land use regulation : the impacts of alternative land use rights /

Bibliographic Details
Main Author: Garrett, Martin A.
Format: Book
Language:English
Published: New York : Praeger, 1987.
Subjects:

MARC

Tag First Indicator Second Indicator Subfields
LEADER 00000cam a22000008a 4500
001 in00000010011
005 20151006060014.0
008 870611s1987 nyua b 00110 eng
010 |a  87015637  
020 |a 0275928020 (alk. paper) :  |c $36.85 
035 |a (OCoLC)16227451 
035 |9 AAA2200AM 
040 |a DLC  |c DLC  |d TXA  |d UtOrBLW 
043 |a n-us--- 
049 |a TXAM  |c [A12578977] 
050 0 0 |a KF5698  |b .G37 1988 
050 4 |a KF5698  |b .G37 1987 
082 0 |a 346.7304/5  |a 347.30645  |2 19 
100 1 |a Garrett, Martin A. 
245 1 0 |a Land use regulation :  |b the impacts of alternative land use rights /  |c Martin A. Garrett, Jr. 
263 |a 8801 
264 1 |a New York :  |b Praeger,  |c 1987. 
300 |a xix, 146 pages :  |b illustrations 
336 |a text  |b txt  |2 rdacontent 
337 |a unmediated  |b n  |2 rdamedia 
338 |a volume  |b nc  |2 rdacarrier 
504 |a Bibliography: pages [135]-140. 
500 |a Includes index. 
650 0 |a Land use  |x Law and legislation  |z United States. 
650 0 |a Zoning law  |z United States. 
650 0 |a Land use  |z United States. 
650 0 |a Zoning  |z United States. 
999 |a MARS 
999 f f |s 015e3432-d6df-3f3b-9d62-18b56be9294d  |i 0cf32d8e-ab86-3197-94c7-fb7cd7b88713  |t 0 
952 f f |p normal  |a Texas A&M University  |b College Station  |c Sterling C. Evans Library  |s Evans stk  |d Evans: Library Stacks  |t 0  |e KF5698 .G37 1987  |h Library of Congress classification  |i unmediated -- volume  |m A14812578977 
998 f f |a KF5698 .G37 1987  |t 0  |l Evans: Library Stacks